The Beatles Albums - Statistics

General Stats
  • This quiz has been taken 1,649 times
  • The average score is 10 of 13
Answer Stats
Hint Answer % Correct
1963 Please Please Me
88%
1970 Let it Be
84%
1969 Abbey Road
83%
1966 Revolver
81%
1965 Rubber Soul
80%
1965 Help!
79%
1968 The Beatles (White Album)
79%
1963 With the beatles
77%
1967 Sgt. Pepper's Lonely Hearts Club Band
75%
1964 A hard day's night
71%
1967 Magical Mystery Tour
71%
1964 Beatles for Sale
65%
1969 Yellow Submarine
65%
No matching quizzes found
Score Distribution
Percent of People with Each Score
Percentile by Number Answered
Your Score History
You have not taken this quiz